000 01183nam a2200337 i 4500
001 000046515
003 DO-SdBNP
005 20260224132624.0
007 ta
008 111103s2015 dr 000 0 spa d
020 _a9789945589290
040 _aDO-SdBNP
_bspa
_cBNPHU
_erda
041 _aspa
082 4 _a303.372
_bP762vi
_222
100 1 _aPolanco Beltré, Ysrael David,
_eautor
_4aut.
_961439
245 1 0 _aVivir con valores /
_cYsrael Polanco ; prólogo, P. Ramón Alonso B.
264 1 _aSanto Domingo :
_bSantuario,
_c2015.
300 _a122 páginas ;
_c23 cm.
336 _atexto
_btxt
_2rdacontent
337 _asin mediación
_bn
_2rdamedia
338 _avolumen
_bnc
_2rdacarrier
500 _aIncluye datos biográficos del autor en al solapa de la cubierta
504 _aBibliografía : páginas 121-122.
590 _aInventariado, 2018/BT
650 7 _aValores (Filosofía)
_xEnseñanza
_2LIBRUNAM
_9604
650 7 _aVirtudes
_vEnsayos, conferencias, etc.
_2LIBRUNAM
_924299
650 7 _aConducta de vida
_2LIBRUNAM
_911947
700 1 _aAlonso B., P. Ramón,
_eprologuista
_4pr.
_961441
910 _aValidado. Control de calidad. MFF
942 _2ddc
_cLBS1
999 _c46004
_d46004